• 首页
  • 本馆介绍
  • 公告通知
  • 最新文献
  • 馆藏检索
  • 电子资源
  • 读者导购
  • 参考咨询
  • 我的图书馆
  • 登录
  • 详细信息显示
  • 放入我的书架
  • 预约/预借图书
  • 作者相关作品
  • 分类相关作品
  • 丛书相关作品
  • 出版社相关作品

书目信息

  • 表格格式
  • 工作单格式
  • 卡片格式
题名:
现代交际舞范本
    
 
作者: 刘德胜 , 冬梅 编著
分册:  
出版信息: 北京   农村读物出版社  1996
页数: 247页
开本: 20cm
丛书名:
单 册:
中图分类: J722.8
科图分类:
主题词: 交际舞--世界 , 舞蹈艺术--中国 , 舞剧--中国
电子资源:
ISBN: 7-5048-2708-8
000 00678nam0 2200241 45
001 0197017596
005 20070418082248.79
010    @a7-5048-2708-8@dCNY16.80
100    @a19970702d1996 em y0chiy0121 ea
101 0  @achi
102    @aCN@b110000
105    @af z 000yy
200 10 @a现代交际舞范本@Axian dai jiao ji wu fan ben@f刘德胜,冬梅编著@FLiu De Sheng,Dong Mei Bian Zhu
210    @a北京@c农村读物出版社@d1996
215    @a247页@c插图@d20cm
606    @a交际舞@x世界
606 0  @a舞蹈艺术@x中国
606 0  @a舞剧@x中国
690    @aJ722.8@v3
701  0 @a刘德胜@4编著
701  0 @a冬梅@4编著
801  0 @aCN@bNLC@c20070418
905    @dJ722.8@e26@f1@b274710
    
    现代交际舞范本/刘德胜,冬梅编著.-北京:农村读物出版社,1996
    247页:插图;20cm
    
    
    ISBN 7-5048-2708-8:CNY16.80
    
●
相关链接 在E读中查询图书 在五车中查询图书 在当当中查询图书 在豆瓣中查询图书


正题名:现代交际舞范本     索取号:J722.8/26         预约/预借

序号 登录号 条形码 馆藏地/架位号 状态 备注
1 0274709   001224222   第一借阅区/ [索取号:J722.8/26] 在馆    
2 0274710   001224188   第一借阅区/ [索取号:J722.8/26] 在馆    
3 0274711   001224213   第一借阅区/ [索取号:J722.8/26] 在馆    
4 0274712   001224179   第一借阅区/ [索取号:J722.8/26] 在馆    
5 0274713   001224204   第一样本阅览室/ [索取号:J722.8/26] 在馆    
唐山师范学院图书馆 欢迎您!
大连网信软件有限公司© 版权所有